Cultural atlas of the Renaissance / (Record no. 126951)

MARC details
000 -LEADER
campo de control de longitud fija 01203nam a22003257a 4500
003 - IDENTIFICADOR DE NÚMERO DE CONTROL
campo de control BJBSDDR
005 - FECHA Y HORA DE LA ÚLTIMA TRANSACCIÓN
campo de control 20260429114708.0
007 - CAMPO FIJO DE DESCRIPCIÓN FÍSICA--INFORMACIÓN GENERAL
campo de control de longitud fija ta
008 - DATOS DE LONGITUD FIJA--INFORMACIÓN GENERAL
campo de control de longitud fija 260429s1993 nyu||||| |||| 00| 0 eng d
020 ## - NÚMERO INTERNACIONAL ESTÁNDAR DEL LIBRO
Número Internacional Estándar del Libro 9780671865238
020 ## - NÚMERO INTERNACIONAL ESTÁNDAR DEL LIBRO
Número Internacional Estándar del Libro 0671865234
040 ## - FUENTE DE CATALOGACIÓN
Lengua de catalogación spa
Centro/agencia transcriptor BJBSDDR
041 ## - CÓDIGO DE IDIOMA
Código de lengua del texto/banda sonora o título independiente eng
050 ## - SIGNATURA TOPOGRÁFICA DE LA BIBLIOTECA DEL CONGRESO
Número de ítem B627 1993
100 1# - ENTRADA PRINCIPAL--NOMBRE DE PERSONA
Nombre de persona Black, Christopher
9 (RLIN) 48145
245 10 - MENCIÓN DEL TÍTULO
Título Cultural atlas of the Renaissance /
Mención de responsabilidad, etc. Christopher Black, Mark Greengrass, David Howarth, Jeremy Lawrance, Richard Mackenney, Martin Rady, Evelyn Welch
250 ## - MENCION DE EDICION
Mención de edición 1st ed
260 ## - PUBLICACIÓN, DISTRIBUCIÓN, ETC.
Lugar de publicación, distribución, etc. New York :
Nombre del editor, distribuidor, etc. Prentice Hall General Reference,
Fecha de publicación, distribución, etc. 1993
300 ## - DESCRIPCIÓN FÍSICA
Extensión 240 pages :
Otras características físicas illustrations ;
Dimensiones 31 cm
505 ## - NOTA DE CONTENIDO CON FORMATO
Nota de contenido con formato <br/>pt. 1. The heartland of the Renaissance<br/>pt. 2. The Renaissance and the wider world
520 ## - RESUMEN, ETC.
Sumario, etc. A highly readable account of the history and culture of the Renaissance from its origins in Italy to its spread through Europe and beyond
700 1# - ENTRADA AGREGADA--NOMBRE PERSONAL
Nombre de persona Greengrass, Mark
9 (RLIN) 48191
700 1# - ENTRADA AGREGADA--NOMBRE PERSONAL
Nombre de persona Howarth, David
9 (RLIN) 48192
700 1# - ENTRADA AGREGADA--NOMBRE PERSONAL
Nombre de persona Lawrance, Jeremy
9 (RLIN) 48194
700 1# - ENTRADA AGREGADA--NOMBRE PERSONAL
Nombre de persona Mackenney, Richard
9 (RLIN) 48196
700 1# - ENTRADA AGREGADA--NOMBRE PERSONAL
Nombre de persona Rady, Martin
9 (RLIN) 48197
700 1# - ENTRADA AGREGADA--NOMBRE PERSONAL
Nombre de persona Welch, Evelyn
9 (RLIN) 48199
942 ## - ELEMENTOS DE ENTRADA SECUNDARIOS (KOHA)
Fuente del sistema de clasificación o colocación Clasificación de Library of Congress
Suprimir en OPAC No
Tipo de ítem Koha Libro
946 ## - PROCESAMIENTO DE INFORMACIÓN LOCAL (OCLC)
Iniciales del agente catalogador cmc
Holdings
Estatus retirado Estado de pérdida Fuente del sistema de clasificación o colocación Estado de daño No para préstamo Colección Biblioteca de origen Biblioteca actual Ubicación en estantería Fecha de adquisición Signatura topográfica completa Código de barras Visto por última vez Copia número Tipo de ítem Koha
    Clasificación de Library of Congress     Automatización y Procesos Técnicos Biblioteca Juan Bosch Biblioteca Juan Bosch Automatización y Procesos Técnicos (1er. Piso) 29/04/2026 B627 1993 00000199733 29/04/2026 1 Libro